[Event "Mumbai Wealth op 3rd"]
[Site "Mumbai"]
[Date "2018.01.05"]
[Round "7"]
[White "Kadam, Nikhil"]
[Black "Franco Valencia, Angela Maria"]
[Result "0-1"]
[WhiteElo "1677"]
[BlackElo "2108"]
[PlyCount "76"]
[EventDate "2017.12.30"]
[EventType "swiss"]
[EventRounds "9"]
[EventCountry "IND"]
[SourceTitle "CBM 182 Extra"]
[Source "ChessBase"]
[SourceDate "2018.02.23"]
[SourceVersion "1"]
[SourceVersionDate "2018.02.23"]
[SourceQuality "1"]

1. Nf3 Nf6 2. c4 e6 3. g3 b6 4. Bg2 Bb7 5. 0-0 c5 6. Nc3 Be7 7. d4 cxd4 8. Nxd4 Bxg2 9. Kxg2 Qc8 10. b3 Qb7+ 11. f3 0-0 12. e4 d6 13. Bb2 Rd8 14. Qe2 Nbd7 15. Rad1 a6 16. a4 Rac8 17. g4 Nc5 18. b4 Ncd7 19. Nb1 Ne5 20. Nd2 Ng6 21. Kg3 d5 22. e5 Nd7 23. f4 Bxb4 24. f5 Ngxe5 25. fxe6 fxe6 26. Nxe6 Re8 27. Nxg7 Kxg7 28. Nf3 Rxc4 29. Nxe5 Bd6 30. Rf7+ Kg8 31. Rdf1 Re4 32. Qf2 Bxe5+ 33. Bxe5 R4xe5 34. Rxh7 Kxh7 35. Qf7+ Kh8 36. Rf5 Rxf5 37. Qxe8+ Rf8 38. Qh5+ Kg7 0-1

[Event "Mumbai Wealth op 3rd"]
[Site "Mumbai"]
[Date "2018.01.01"]
[Round "3"]
[White "Abu Sufian, Sakil"]
[Black "Kadam, Nikhil"]
[Result "1-0"]
[WhiteElo "2312"]
[BlackElo "1677"]
[PlyCount "55"]
[EventDate "2017.12.30"]
[EventType "swiss"]
[EventRounds "9"]
[EventCountry "IND"]
[SourceTitle "CBM 182 Extra"]
[Source "ChessBase"]
[SourceDate "2018.02.23"]
[SourceVersion "1"]
[SourceVersionDate "2018.02.23"]
[SourceQuality "1"]

1. e4 d5 2. exd5 Qxd5 3. Nc3 Qa5 4. d4 c6 5. Nf3 Nf6 6. Bc4 Bg4 7. h3 Bh5 8. g4 Bg6 9. Bd2 Qc7 10. Ne5 e6 11. Qe2 Bb4 12. 0-0-0 0-0 13. h4 b5 14. Bb3 Bxc3 15. Bxc3 a5 16. h5 Bxh5 17. gxh5 a4 18. Bxe6 fxe6 19. h6 g6 20. Rdg1 Nd5 21. Bd2 Na6 22. Nxg6 hxg6 23. Rg2 g5 24. Rxg5+ Kh8 25. Rg7 Rf7 26. Qe4 Rf5 27. Qxe6 Rf6 28. Qe4 1-0